Missing Word: '60s Movies A-Z Quiz Stats

 Plays Quiz Updated Jul 12, 2015

Challenge
Share
Tweet
Embed
Score 0/24 Timer 03:00
0 Plays Today
Hint Answer % Correct
Planet of the ____Apes
99.6%
____ at Tiffany'sBreakfast
98.6%
To ____ a MockingbirdKill
98.3%
The ____, the Bad and the UglyGood
98.3%
My ____ LadyFair
97.4%
The ____ of MusicSound
97.1%
Once ____ a Time in the WestUpon
97%
____ Side StoryWest
96.5%
How to Murder ____ WifeYour
95.7%
Butch ____ and the Sundance KidCassidy
95.5%
____ GritTrue
94.4%
____ of the Living DeadNight
93.5%
Hint Answer % Correct
____ of ArabiaLawrence
92.6%
Cool ____ LukeHand
92.5%
The ____ BookJungle
85.8%
A Fistful of ____Dollars
84.7%
2001: A Space ____Odyssey
84.3%
____ CowboyMidnight
81.8%
The Great ____Escape
80.8%
Mary ____Poppins
79.3%
Doctor ____Zhivago
77.9%
The ____ JobItalian
76.7%
La Dolce ____Vita
75.3%
____ BabyRosemary's
67.6%

Today's Daily Dose

Missing Word
Orlando Bloom

Quick Pick
November Things

On This Day
November 15th II

You're not logged in!

Compare scores with friends on all Sporcle quizzes.
Join for Free
OR
Log In

You Might Also Like...

Show Comments

Extras

Top Quizzes Today


Score Distribution

Your Account Isn't Verified!

In order to create a playlist on Sporcle, you need to verify the email address you used during registration. Go to your Sporcle Settings to finish the process.

Report this User

Report this user for behavior that violates our Community Guidelines.

Details: